000
00262nam a22001097a 4500
008
240531b |||||||| |||| 00| 0 eng d
100
_a
Tharwani, Aryan
_9
15021
245
_a
Anand Marg
260
_a
Bombay
_b
Akhlabi Mala Pub.
_c
1967
300
_a
69p.
942
_c
BK
999
_c
39316
_d
39316